00405nam a22001337a 4500008004100000040002800041050002000069100002300089245006300112264004900175336001400224337001800238338001500256260429b |||||||| |||| 00| 0 eng d aCUZbengcCUZdrdaeCUZ aHG4026.H6693HOR aJames C. Van Horne aFundamentals of finacial managementcby James C. Van Horne aLondonbPHL Learning private limitedc@ 2009 atextbtxt aunmediatedbn 2rdacarrier